00380nam a2200145Ia 4500008004100000020001500041041001200056082001600068100001600084245005700100260003800157300000800195650001500203700001600218221030s9999 xx 000 0 und d a8125902279 aEnglish a105.23bSap aP. K. Sapra 0aWorkshop Technology - Icby P. K. Sapra, R. K. Kapur bVikas Pub House.aNew Delhic1998 a491 aMechanical aR. K. Kapur